Gaming Quiz

Random Gaming or Song Quiz

Lines in songs of BTS Quiz Stats

 Plays Quiz not verified by Sporcle

Challenge
Share
Tweet
Embed
Score 0/11 Timer 07:00
0 Plays Today
Hint Answer % Correct
Save me, save me I need your love before i fallSave Me
98.8%
You're in DangerDanger
98.5%
Ayo Ladies and GentlemenDope
97.4%
Peaches and CreamBlood, Sweat and Tears
96.6%
When I wake up in my room!Fire
95.6%
We roll! We roll! N.O
93.6%
BogosipdaSpring Day
89%
Lonely lonely lonely whaleWhalien 52
67.7%
Can you please stay with me?Just one day
63.3%
Yes you're my only girlMiss Right
54.4%
2%

You're not logged in!

Compare scores with friends on all Sporcle quizzes.
Join for Free
OR
Log In

You Might Also Like...

Show Comments

Extras

Created Feb 24, 2017ReportNominate
Tags:Song Quiz, BTS

Top Quizzes Today


Score Distribution

Your Account Isn't Verified!

In order to create a playlist on Sporcle, you need to verify the email address you used during registration. Go to your Sporcle Settings to finish the process.

Report this User

Report this user for behavior that violates our Community Guidelines.

Details: